| 000 -LEADER |
| fixed length control field |
01330nam a22002417a 4500 |
| 005 - DATE AND TIME OF LATEST TRANSACTION |
| control field |
20231006155701.0 |
| 008 - FIXED-LENGTH DATA ELEMENTS--GENERAL INFORMATION |
| fixed length control field |
231006b ||||| |||| 00| 0 eng d |
| 020 ## - INTERNATIONAL STANDARD BOOK NUMBER |
| International Standard Book Number |
9781250158697 |
| 040 ## - CATALOGING SOURCE |
| Transcribing agency |
KH8 |
| 082 ## - DEWEY DECIMAL CLASSIFICATION NUMBER |
| Classification number |
FIC CAB |
| 100 ## - MAIN ENTRY--PERSONAL NAME |
| Personal name |
Cabot, Meg |
| Relator term |
Author |
| 245 ## - TITLE STATEMENT |
| Title |
Royal crush |
| Statement of responsibility, etc. |
Meg Cabot |
| 250 ## - EDITION STATEMENT |
| Edition statement |
First Square Fish edition |
| 260 ## - PUBLICATION, DISTRIBUTION, ETC. |
| Place of publication, distribution, etc. |
New York, |
| Name of publisher, distributor, etc. |
Feiwel & Friends, an imprint of Macmillan Publishing Group, LLC, |
| Date of publication, distribution, etc. |
2018 |
| 300 ## - PHYSICAL DESCRIPTION |
| Extent |
314 pages : |
| Other physical details |
illustrations ; |
| Dimensions |
20 cm. |
| 440 ## - SERIES STATEMENT/ADDED ENTRY--TITLE |
| Title |
From the notebooks of a middle school princess, |
| Volume/sequential designation |
bk. 3 |
| 520 ## - SUMMARY, ETC. |
| Summary, etc. |
Being the newest princess of Genovia is way more complicated than she expected, but Olivia Grace Clarisse Mignonette Harrison is getting used to it. She gets to live in an actual palace with two fabulous poodles, a pet iguana, her very own pony, and, best of all, a loving family to help her figure things out! And right now Olivia, having finally admitted that she likes Prince Khalil as more than just a friend, could really use some advice. What is a princess supposed to do once she's found a prince she likes? With her half-sister Mia busy enjoying her honeymoon, Olivia turns to Grandmere for help |
| 650 ## - SUBJECT ADDED ENTRY--TOPICAL TERM |
| Topical term or geographic name entry element |
Children's stories |
| 650 ## - SUBJECT ADDED ENTRY--TOPICAL TERM |
| Topical term or geographic name entry element |
Diaries |
| 650 ## - SUBJECT ADDED ENTRY--TOPICAL TERM |
| Topical term or geographic name entry element |
Diaries Fiction |
| 700 ## - ADDED ENTRY--PERSONAL NAME |
| Personal name |
Cabot, Meg |
| Relator term |
Illustrator |
| 942 ## - ADDED ENTRY ELEMENTS (KOHA) |
| Source of classification or shelving scheme |
|
| Koha item type |
Books - Fiction |